000
00217nam a2200097Ia 4500
008
120527s9999 xx 000 0 und d
100
_a
SOHON, H.
245
_a
Engineerring mathematics
260
_b
D. Van
942
_c
BK
999
_c
25596
_d
25596